01488nam a2200445 a 450000100060000000300080000600500170001400600190003100700150005000800410006502000180010603500230012403500240014703500250017103500220019604000260021805000200024408000120026408200140027610000270029024500390031726000510035630000120040749000680041953301640048765000290065165000190068065000200069965000210071965000210074065000190076165000150078065000170079565500270081270000320083970000530087170000370092471000190096185600620098047553FlNmELB20241216231856.0m o d | cr cn|||||||||201212r2010 sp |||||s|||||||||||spa d z9788478002146 a(MiAaPQ)EBC3203581 a(Au-PeEL)EBL3203581 a(CaPaEBR)ebr10624201 a(OCoLC)1010701259 aFlNmELBbspacFlNmELB 4aK235bV845 2010 a340.12204a340.12221 aVitoria, Francisco de.13aDe legibush[recurso electronico]. aSalamanca [etc.] :bUniversidad [etc.],c2010. a291 p..0 aActa Salmanticensia. Biblioteca de pensamiento y sociedad ;v97 aRecurso electrónico. Santa Fe, Arg.: e-libro, 2015. Disponible vía World Wide Web. El acceso puede estar limitado para las bibliotecas afiliadas a e-libro. 4aFilosofía del derecho. 4aEscolástica. 4aDerecho romano. 4aDerecho natural. 4aLawxPhilosophy. 4aScholasticism. 4aRoman law. 4aNatural law. 4aLibros electrónicos.1 aLangella, Simona,eed. lit.1 aBarrientos García, José,etranscrip. y anot.1 aGarcía Castillo, Pablo,etrad.2 ae-libro, Corp.40uhttps://elibro.net/ereader/politecnicointernacional/55693